| 000 | 00578nam a22001817a 4500 | ||
|---|---|---|---|
| 005 | 20251108164033.0 | ||
| 008 | 250721s1994 xx 000 0 ara d | ||
| 082 | 1 | 4 | _a216,53/دوي |
| 100 | 1 | _aدودين، ماجد سليمان | |
| 245 | 1 | 0 |
_aالسعادة الزوجية : _bكيف تسعد زوجتك - كيف تسعدين زوجك من وجهة نظر إيمانية / |
| 264 | 1 |
_aعمان : _bدار الأسراء، _c1994. |
|
| 300 | _a84ص. | ||
| 650 | 1 | 7 | _aالأسرة |
| 650 | 1 | 7 | _aالإسلام |
| 650 | 1 | 7 | _aالزواج |
| 942 |
_2ddc _cBK |
||
| 999 |
_c2029 _d2029 |
||